| 000 | 00000nam##2200000za#4500 |
| 001 | 9.693961 |
| 003 | CaOODSP |
| 005 | 20210624233912 |
| 007 | cr ||||||||||| |
| 008 | 150407|2002||||xxc|||||o f|0| 0 eng|d |
| 040 | |aCaOODSP|beng |
| 043 | |an-cn--- |
| 086 | 1 |aRH4-17/2000E-PDF |
| 110 | 1 |aCanada. |bHuman Resources Development Canada. |
| 245 | 10|aChild welfare in Canada 2000 : |h[electronic resource]|bthe role of provincial and territorial authorities in the provision of child protection services / |cPrepared by Secretariat to the Federal/Provincial/Territorial Working Group on Child and Family Services Information. |
| 260 | |aOttawa - Ontario : |bHuman Resources Development Canada |cMarch 2002. |
| 300 | |a242p.|bgraphs, references, tables |
| 500 | |aThe catalogue number (RH4-17-2000E) and ISBN (0-662-31849-8) for the print edition have been incorrectly copied in this PDF version. |
| 590 | |a11-01-Supp|b2011-01-11 |
| 690 | 07|aChild care|2gcpds |
| 690 | 07|aChild support|2gcpds |
| 690 | 07|aSocial policy|2gcpds |
| 690 | 07|aViolence against children|2gcpds |
| 775 | 08|tBien-être de l'enfance au Canada 2000 : |w(CaOODSP)9.638146 |
| 776 | 0#|tChild welfare in Canada 2000 : |w(CaOODSP)9.648501 |
| 856 | 40|ahttp://publications.gc.ca|qPDF|s7276 KB|uhttps://publications.gc.ca/collections/Collection/RH4-17-2000E.pdf |